[Event "14th Asian Cities"]
[Site "Tagaytay City PHI"]
[Date "2004.03.22"]
[Round "3"]
[White "Ghorbani,M"]
[Black "Taleb,M"]
[Result "0-1"]
[WhiteElo "2322"]
[BlackElo "2454"]

1.d4 Nf6 2.Nf3 e6 3.c4 b6 4.a3 Bb7 5.Nc3 d5 6.Bg5 Be7 7.Bxf6 Bxf6 8.cxd5 exd5
9.e3 O-O 10.Be2 c5 11.O-O Qe7 12.dxc5 Bxc3 13.bxc3 bxc5 14.Qc2 Nd7 15.Rfd1 Rfd8
16.Rab1 Nb6 17.Rb3 Bc6 18.Bb5 c4 19.Rb4 Bxb5 20.Rxb5 Qxa3 21.Rb4 g6 22.Nd4 Rac8
23.Nb5 Qa6 24.Qb2 d4 25.Nxd4 Nd5 26.Ra1 Nxb4 27.Rxa6 Nxa6 28.h4 Nc5 29.Qa2 Ne4
30.Qa5 Re8 31.h5 Rc5 32.Qxa7 Rxh5 33.g3 Nxc3 34.Qc7 Nb5 35.Qxc4 Nxd4 36.Qxd4 Rhe5
37.Kg2 h5 38.Qd6 Re4 39.Qc6 R4e6 40.Qc2 Rd8 41.Qc3 Red6 42.Qc7 Rd2 43.Qa5 R8d5
44.Qa8+ Rd8 45.Qa5 R8d5 46.Qb4 Rd8 47.Qa5 R8d7 48.Qa8+ Kg7 49.Qc6 R7d6 50.Qc3+ Kg8
51.Qb4 R2d5 52.Qb2 Rd8 53.Qb6 Rc8 54.Qb7 Rdd8 55.Qb2 Rc4 56.Qb6 Rdc8 57.Qa6 Rc2
58.Qb7 Rd8 59.Qe7 Rdd2 60.Qe8+ Kg7 61.Qe5+ Kh7 62.Kf3 Rxf2+ 63.Ke4 Rc6 64.Kd3 Rf5
65.Qb8 Re6 66.Qb7 Kg7 67.Qb2+ Rfe5 68.Ke2 Kh7 69.Kf2 Rxe3 70.Qb7 Re7 71.Qb1 Re2+
72.Kf1 R2e5 73.Kg2 Rd7 74.Qf1 Rd2+ 75.Kh3 Rf5  0-1

[Event "12th Sigeman & Co"]
[Site "Malmoe/Copenhagen SWE"]
[Date "2004.04.02"]
[Round "3"]
[White "Beliavsky,A"]
[Black "Rozentalis,E"]
[Result "1/2-1/2"]
[WhiteElo "2667"]
[BlackElo "2619"]

1.d4 Nf6 2.c4 e6 3.Nf3 b6 4.a3 Bb7 5.Nc3 d5 6.cxd5 exd5 7.g3 Bd6 8.Bg2 O-O
9.O-O Nbd7 10.Nh4 Re8 11.Nf5 Bf8 12.Bf4 c6 13.Qc2 Nh5 14.Bd6 Nhf6 15.Rad1 g6
16.Bxf8 Nxf8 17.Ne3 Qd6 18.b4 h5 19.b5 h4 20.Qb3 hxg3 21.hxg3 Rad8 22.bxc6 Bxc6
23.Qb4 Qd7 24.Qb2 N8h7 25.Qd2 Kg7 26.Nc2 Qf5 27.f3 Bb7 28.g4 Qg5 29.Qxg5 Nxg5
30.Nb4 Rc8 31.Rc1 a5 32.Nba2 Ba6 33.Rfe1 Bc4 34.f4 Nge4 35.g5 Nh5 36.Nxe4 dxe4
37.Bh3 Rc7 38.e3 Ng3 39.Kf2 Nf5 40.Nc3 Rcc8 41.Na4 Rh8 42.Bg2 Bd3 43.Nxb6 Rb8
44.Na4 Rb3 45.Rc3 Rhb8 46.Rxb3 Rxb3 47.Nc5 Rxa3 48.Bxe4 Bxe4 49.Nxe4 a4 50.Re2 Ra1
51.Nc3 a3 52.Ra2 Rxa2+ 53.Nxa2 f6 54.gxf6+ Kxf6 55.Ke2 g5 56.fxg5+ Kxg5 57.Kd3 Kf6
58.e4 Ng3 59.Nc3 Ke6 60.Kc4 a2 61.Nxa2  1/2-1/2

[Event "TCh-FRA Nat1 GpB"]
[Site "Montpellier FRA"]
[Date "2004.04.03"]
[Round "6"]
[White "Gozzoli,Y"]
[Black "Bouhallel,R"]
[Result "1-0"]
[WhiteElo "2430"]
[BlackElo "2302"]

1.d4 e6 2.c4 Nf6 3.Nf3 b6 4.a3 Ba6 5.Qc2 Bb7 6.Nc3 c5 7.e4 cxd4 8.Nxd4 Nc6
9.Nxc6 Bxc6 10.Qe2 d6 11.g3 Be7 12.Bg2 a6 13.O-O Qc7 14.Bf4 O-O 15.Rfd1 Rfe8
16.Rac1 Bb7 17.b4 Nd7 18.Be3 Rac8 19.Na4 Bc6 20.b5 Bb7 21.Qb2 a5 22.f3 Rcd8
23.f4 Ba8 24.Qe2 Rb8 25.e5 Bxg2 26.Qxg2 dxe5 27.Qc6 Qxc6 28.bxc6 Nc5 29.c7 Nxa4
30.cxb8=Q Rxb8 31.fxe5 h6 32.Rd3 Nc5 33.Bxc5 Bxc5+ 34.Kg2 Rb7 35.a4 Rc7 36.Kf3 Kh7
37.Ke4 Bb4 38.Rc2 Kg6 39.g4 Be7 40.h3 Kh7 41.Rd6 Bxd6 42.exd6 Rc6 43.c5 bxc5
44.Rd2 Rc8 45.d7 Rd8 46.Ke5 Kg8 47.Kd6 Kf8 48.Rc2  1-0

[Event "Open ch-NOR"]
[Site "Oslo NOR"]
[Date "2004.04.04"]
[Round "2"]
[White "Williams,Si"]
[Black "Stenersen,G"]
[Result "1-0"]
[WhiteElo "2411"]
[BlackElo "2172"]

1.d4 Nf6 2.c4 e6 3.Nf3 b6 4.a3 d5 5.Nc3 Be7 6.cxd5 exd5 7.Bf4 Ba6 8.g3 Nbd7
9.Qa4 Bb7 10.Nb5 Bc6 11.Rc1 Bxb5 12.Qxb5 c5 13.dxc5 bxc5 14.Ne5 a6 15.Qa4 O-O
16.Nc6 Qe8 17.Bg2 Nb6 18.Nxe7+ Qxe7 19.Qc6 Rfe8 20.O-O Nbd7 21.e3 Qe6 22.Qa4 c4
23.b4 Ne5 24.Bxe5 Qxe5 25.Rfd1 h5 26.Rd4 Ne4 27.Bxe4 dxe4 28.Rcxc4 f5 29.h4 Re6
30.Qd7 Rae8 31.Qc7 Qf6 32.Qf4 Kh7 33.Rc5 g6 34.Kg2 R8e7 35.a4 Rb6 36.Rc8 Qg7
37.Rdc4 Qb2 38.R8c7 Rb7 39.Rxe7+ Rxe7 40.Qd6 Rg7 41.Rc8 Rb7 42.Rc6 Rg7 43.Rc8 Rb7
44.Rc7+ Rxc7 45.Qxc7+ Kg8 46.Qc4+ Kf8 47.Qxa6  1-0

[Event "Open ch-NOR"]
[Site "Oslo NOR"]
[Date "2004.04.09"]
[Round "7"]
[White "Tjiam,D"]
[Black "Guddahl,V"]
[Result "1-0"]
[WhiteElo "2324"]
[BlackElo "2172"]

1.d4 e6 2.Nf3 Nf6 3.c4 b6 4.a3 Bb7 5.Nc3 Ne4 6.Nxe4 Bxe4 7.e3 a5 8.Bd3 Bxd3
9.Qxd3 a4 10.O-O Nc6 11.Qc2 d6 12.d5 Ne5 13.Nd4 exd5 14.cxd5 Nd7 15.Nc6 Qf6
16.Bd2 Nc5 17.Bc3 Qg6 18.e4 Be7 19.Rae1 Bd8 20.Re3 f6 21.f4 O-O 22.Qe2 Re8
23.Re1 Be7 24.Rg3 Qf7 25.Qc4 Bf8 26.e5 dxe5 27.fxe5 fxe5 28.Nxe5 b5 29.Qd4 Qf6
30.Rf1 Qh6 31.Ng4  1-0

[Event "ch-city"]
[Site "Berlin GER"]
[Date "2004.04.10"]
[Round "2"]
[White "Hansen,Kay"]
[Black "Gebigke,M"]
[Result "1/2-1/2"]
[WhiteElo "2242"]
[BlackElo "2181"]

1.d4 Nf6 2.c4 e6 3.Nf3 b6 4.a3 Bb7 5.Nc3 d5 6.Qc2 Be7 7.cxd5 Nxd5 8.e4 Nxc3
9.bxc3 O-O 10.Be3 Nd7 11.Bd3 c5 12.O-O Rc8 13.Qe2 cxd4 14.cxd4 Rc3 15.a4 Rxd3
16.Qxd3 Nc5 17.Qb5 Nxe4 18.Ne5 Nc3 19.Qb2 Nd5 20.a5 Bb4 21.Rfc1 bxa5 22.Bd2 Qa8
23.Nd3 Rb8 24.f3 Bd6 25.Rxa5 Bc7 26.Rb5 Bb6 27.Nc5 Bc6 28.Rb3 Rd8 29.Kh1 Ne7
30.Ra1 Qc8 31.Ba5 Bxa5 32.Rxa5 Bd5 33.Rd3 Qc7 34.Ra1 Nf5 35.Rda3 Qf4 36.Rd1 h5
37.Qd2 Qc7 38.Rda1 Bc4 39.Qa5 Qb6 40.Qxa7 Qb2 41.Nd7 Nh4 42.Rg1 Bd5 43.Qb6 Qxb6
44.Nxb6 Bc6 45.Rc3 Bb7 46.Rd1 Rd6 47.Nc4 Rd8 48.Kg1 Nf5 49.Ne5 f6 50.Ng6 Nxd4
51.Kf2 e5 52.Rc7 Ba6 53.Ne7+ Kf8 54.Nf5 Bb5 55.Nxg7 Ra8 56.Rd2 h4 57.f4 Ra1
58.fxe5 fxe5 59.g4 Rf1+ 60.Kg2 Rf4 61.Rxd4 Rxd4 62.Ne6+ Ke8 63.Nxd4 exd4
64.Kf3 Bd3 65.Rc5 Bg6 66.Rd5 d3 67.Rxd3 Bxd3 68.Kg2 Kf7 69.Kh3 Kg6  1/2-1/2

[Event "It"]
[Site "Indjija SCG"]
[Date "2004.04.12"]
[Round "2"]
[White "Kizov,A"]
[Black "Illijin,N"]
[Result "1/2-1/2"]
[WhiteElo "2345"]
[BlackElo "2276"]

1.d4 Nf6 2.c4 e6 3.Nf3 b6 4.a3 Bb7 5.Nc3 d5 6.Bg5 Be7 7.Bxf6 Bxf6 8.cxd5 exd5
9.Qa4+ c6 10.g3 O-O 11.Bg2 Nd7 12.O-O Re8 13.Rfd1 b5 14.Qc2 a5 15.e3 Nb6
16.a4 b4 17.Ne2 Nc4 18.Nd2 Nxd2 19.Rxd2 Qd6 20.Rc1 Be7 21.Nf4 Bf8 22.Nd3 g6
23.Qd1 h5 24.Rdc2 Qf6 25.Qf3 Qxf3 26.Bxf3 Bd6 27.Nc5 Bc8 28.Be2 Kg7 29.Bd3 h4
30.Re1 Ra7 31.Rcc1 f5 32.Nb3 Bd7 33.Nc5 Bc8 34.Nb3 Bd7 35.Nc5  1/2-1/2

[Event "ACP Blitz Prelim2"]
[Site "playchess.com INT"]
[Date "2004.04.13"]
[Round "1"]
[White "Notkin,M"]
[Black "Naiditsch,A"]
[Result "1/2-1/2"]
[WhiteElo "2471"]
[BlackElo "2571"]

1.d4 Nf6 2.c4 e6 3.Nf3 b6 4.a3 Ba6 5.Qc2 Bb7 6.Nc3 c5 7.e4 cxd4 8.Nxd4 Bc5
9.Nb3 Nc6 10.Bf4 e5 11.Bg5 h6 12.Bh4 O-O 13.O-O-O Be7 14.f3 Rc8 15.Bf2 d6
16.Kb1 Ba6 17.g4 Nd7 18.h4 Nc5 19.Nxc5 bxc5 20.Nd5 Nd4 21.Bxd4 cxd4 22.g5 hxg5
23.hxg5 Bxg5 24.Bd3 Bh6 25.Rdg1 Kh7 26.Qh2 Rh8 27.Qg3 g6 28.f4 exf4 29.Nxf4 g5
30.e5+ Kg8 31.Nd5 Bxc4 32.Nf6+ Kf8 33.Bxc4 Rxc4 34.Qxg5 Bxg5 35.Rxh8+ Ke7
36.Rxd8 Bxf6 37.Rxd6 Bxe5 38.Ra6 Rc7 39.Rc1  1/2-1/2

[Event "ACP Blitz Prelim2"]
[Site "playchess.com INT"]
[Date "2004.04.13"]
[Round "12"]
[White "Kazhgaleyev,M"]
[Black "Naiditsch,A"]
[Result "1/2-1/2"]
[WhiteElo "2596"]
[BlackElo "2571"]

1.d4 Nf6 2.c4 e6 3.Nf3 b6 4.a3 Ba6 5.Qc2 Bb7 6.Nc3 c5 7.e4 cxd4 8.Nxd4 Nc6
9.Nxc6 Bxc6 10.Qe2 d6 11.g3 Be7 12.Bg2 Rc8 13.O-O O-O 14.Rd1 Qc7 15.Bf4 Rfd8
16.Rac1 Qb7 17.b4 e5 18.Bd2 Bd7 19.Bg5 Bg4 20.Bf3 Be6 21.Nd5 Nxd5 22.exd5 Bf5
23.Bxe7 Qxe7 24.Qe3 h6 25.Rc3 Bg6 26.Rdc1 Rc7 27.c5 bxc5 28.bxc5 dxc5 29.Rxc5 Rxc5
30.Qxc5 Kf8 31.Qa5 e4 32.Bg2 e3 33.Re1 exf2+ 34.Kxf2 Qf6+ 35.Kg1 Qb6+ 36.Qxb6 axb6
37.h4 Bf5 38.Kf2 Rc8 39.Re3 Rc2+ 40.Kg1 Rc1+ 41.Kf2 Rc2+ 42.Kg1 Rd2 43.Rb3 Rd1+
44.Kf2 Rd2+ 45.Kg1 Rd1+ 46.Kf2 Rd2+ 47.Kg1  1/2-1/2

[Event "ACP Blitz Prelim4"]
[Site "playchess.com INT"]
[Date "2004.04.15"]
[Round "4"]
[White "Najer,E"]
[Black "Psakhis,L"]
[Result "1-0"]
[WhiteElo "2606"]
[BlackElo "2545"]

1.d4 e6 2.Nf3 Nf6 3.c4 b6 4.a3 Bb7 5.Nc3 d5 6.cxd5 Nxd5 7.Qc2 Nxc3 8.bxc3 Be7
9.e4 O-O 10.Bd3 c5 11.O-O Qc7 12.Qe2 Nd7 13.e5 Rfd8 14.Rd1 Nf8 15.Be3 Rac8
16.Nd2 Qc6 17.Qg4 Ng6 18.Be4 Qc7 19.g3 Bxe4 20.Nxe4 Rd5 21.h4 Kh8 22.h5 Nf8
23.h6 g6 24.Bg5 Qd8 25.Bf6+ Kg8 26.Bxe7  1-0

[Event "ch-LTU"]
[Site "Vilnius LTU"]
[Date "2004.04.28"]
[Round "8"]
[White "Sarakauskas,G"]
[Black "Sulskis,S"]
[Result "0-1"]
[WhiteElo "2430"]
[BlackElo "2570"]

1.d4 Nf6 2.Nf3 b6 3.c4 e6 4.a3 Bb7 5.Nc3 d5 6.Bg5 Be7 7.e3 Nbd7 8.Be2 h6
9.Bh4 c5 10.cxd5 exd5 11.O-O O-O 12.Rc1 c4 13.Ne5 a6 14.a4 Ne8 15.Bxe7 Qxe7
16.Bf3 Ndf6 17.b3 Nd6 18.bxc4 dxc4 19.Rb1 Rab8 20.Bc6 Qc7 21.Qf3 b5 22.axb5 axb5
23.Rb4 Bxc6 24.Qxc6 Qxc6 25.Nxc6 Rb6 26.Ne7+ Kh7 27.f3 Rb7 28.Nc6 Rc8 29.Na5 Rb6
30.Rfb1 Ra8 31.Nxc4 Nxc4 32.Rxc4 bxc4 33.Rxb6 Ra3 34.Ne4 Nd5 35.Rc6 f5 36.Nd6 c3
37.Nb5 Rb3 38.e4 Ne7 39.Rc5 c2 40.Rxc2 Rxb5 41.Rc7 Ng6 42.exf5 Rxf5 43.Kf2 Nf4
44.g3 Ne6 45.Rd7 Kg6 46.h4 Ra5 47.Ke3 Kf6 48.g4 Ra1 49.d5 Ra3+ 50.Kf2 Nd4
51.g5+ hxg5 52.hxg5+ Kg6 53.Kg3 Nxf3 54.Kf4 Nxg5 55.Rd6+ Kh5 56.Rd7 Rf3+
57.Ke5 Kg6 58.Rd6+ Rf6 59.Rc6 Nf7+ 60.Kd4 Kf5  0-1

[Event "12th Sigeman & Co"]
[Site "Malmoe/Copenhagen SWE"]
[Date "2004.04.30"]
[Round "1"]
[White "Hansen,Cu"]
[Black "Rozentalis,E"]
[Result "1/2-1/2"]
[WhiteElo "2635"]
[BlackElo "2619"]

1.d4 Nf6 2.c4 e6 3.Nf3 b6 4.a3 Bb7 5.Nc3 d5 6.cxd5 exd5 7.g3 Bd6 8.Qa4+ c6
9.Bg2 O-O 10.O-O Nbd7 11.Qc2 Re8 12.Rd1 Qe7 13.Bf4 Bxf4 14.gxf4 Nf8 15.e3 Ng6
16.Rac1 Ng4 17.h3 Nh6 18.Ne2 Nh4 19.Nxh4 Qxh4 20.Ng3 Re6 21.Qe2 Rd8  1/2-1/2

[Event "Capablanca Mem Mixto"]
[Site "Havana CUB"]
[Date "2004.05.10"]
[Round "5"]
[White "Pazos Gambarrotti,P"]
[Black "Ordaz Valdes,L"]
[Result "0-1"]
[WhiteElo "2353"]
[BlackElo "2199"]

1.d4 Nf6 2.c4 e6 3.Nf3 b6 4.a3 Ba6 5.Qc2 c5 6.dxc5 bxc5 7.g3 Nc6 8.Bg2 Be7
9.O-O O-O 10.Rd1 Qc7 11.b3 Rab8 12.Bb2 Rb6 13.Nbd2 Rfb8 14.Bc3 Bc8 15.Rab1 d6
16.e3 e5 17.h3 g6 18.Nh2 Bf5 19.e4 Be6 20.Qd3 Qc8 21.g4 Ne8 22.Nhf1 Nd4 23.b4 a6
24.Ne3 Ng7 25.Nd5 R6b7 26.f4 Bxd5 27.cxd5 cxb4 28.Bxb4 a5 29.Bxa5 Rxb1 30.Rxb1 Rxb1+
31.Nxb1 Qc5 32.Kh2 Qxa5 33.Nd2 Qc5 34.fxe5 dxe5 35.a4 Bg5 36.Qc4 Qf8 37.Nb1 Bf4+
38.Kg1 h5 39.a5 Qb8 40.Qa2 Qb4 41.Bf1 Qe1 42.a6 Nf3+ 43.Kg2 Qg3+  0-1

[Event "7th United Insurance"]
[Site "Dhaka BAN"]
[Date "2004.05.11"]
[Round "6"]
[White "Sharma,D"]
[Black "Ahmed,SN"]
[Result "0-1"]
[WhiteElo "2369"]
[BlackElo "2297"]

1.d4 Nf6 2.c4 e6 3.Nf3 b6 4.a3 Bb7 5.Nc3 Be7 6.d5 O-O 7.g3 Re8 8.Bg2 d6 9.O-O Bf8
10.Ne1 c6 11.e4 cxd5 12.exd5 e5 13.Nd3 Nbd7 14.Be3 e4 15.Nf4 Ne5 16.b3 Neg4
17.Re1 Bc8 18.Bd4 g5 19.Nfe2 Bf5 20.h3 Ne5 21.Bxe5 Rxe5 22.Nd4 Qd7 23.Nxf5 Qxf5
24.Ra2 Rae8 25.Rae2 g4 26.h4 e3 27.fxe3 Nh5 28.e4 Qg6 29.Qd3 Bg7 30.Rf1 R5e7
31.Rf5 Re5 32.Nb5 R8e7 33.Nd4 Rxf5 34.Nxf5 Re8 35.b4 Be5 36.Rc2 Ng7 37.c5 bxc5
38.bxc5 dxc5 39.Qb5 Qb6 40.Qxb6 axb6 41.Nh6+ Kf8 42.Nxg4 Bxg3 43.a4 Ra8 44.Rc4 f5
45.exf5 Nxf5 46.Nf6 Kf7 47.Ne4 Be5 48.Ng5+ Kf6 49.Nxh7+ Kg7 50.Ng5 Bd4+ 51.Kh2 Ne3
52.Rc1 Nxg2 53.Kxg2 Rxa4 54.Rb1 Ra2+ 55.Kf3 Rf2+ 56.Kg4 Rb2 57.Rf1 Rg2+ 58.Kh5 Rf2
59.Rb1 Rb2 60.Ra1 Bf6 61.Rd1 c4 62.d6 c3 63.d7 Rd2 64.Rc1 Rxd7 65.Ne4 Rc7
66.Nd6 Rc5+ 67.Kg4 c2 68.Nf5+ Kh7 69.Ne3 Bd4 70.Kf3 Rc3 71.Rxc2 Rxe3+ 72.Kf4 Re7  0-1

[Event "29th Elekes Mem IM"]
[Site "Budapest HUN"]
[Date "2004.05.15"]
[Round "1"]
[White "Lorincz,I"]
[Black "Klimm,W"]
[Result "0-1"]
[WhiteElo "2337"]
[BlackElo "2278"]

1.d4 Nf6 2.Nf3 e6 3.c4 b6 4.a3 Bb7 5.Nc3 d5 6.Bg5 Be7 7.e3 O-O 8.Rc1 h6 9.Bxf6 Bxf6
10.cxd5 exd5 11.Qb3 c6 12.Be2 Re8 13.O-O Nd7 14.Rfe1 Nf8 15.a4 a5 16.Bf1 Ne6
17.Rcd1 Qc7 18.e4 dxe4 19.Nxe4 Be7 20.Ne5 Bb4 21.Nc3 Nf4 22.Bc4 Re7 23.Re4 Nh5
24.Rde1 Nf6 25.Bxf7+ Rxf7 26.Nxf7 Qxf7  0-1

[Event "7th United Insurance"]
[Site "Dhaka BAN"]
[Date "2004.05.15"]
[Round "11"]
[White "Abdul,Mal"]
[Black "Sankalp,M"]
[Result "1/2-1/2"]
[WhiteElo "2243"]
[BlackElo "1953"]

1.Nf3 Nf6 2.d4 e6 3.c4 b6 4.a3 Bb7 5.Nc3 Be7 6.Bf4 d6 7.e3 O-O 8.Bd3 Nbd7
9.O-O Nh5 10.Ne2 Bxf3 11.gxf3 Nxf4 12.Nxf4 g6 13.Kh1 Bf6 14.Rg1 Bg7 15.Rg2 e5
16.Nd5 exd4 17.exd4 c6 18.Nb4 c5 19.dxc5 dxc5 20.Nc6 Qe8 21.f4 Bxb2 22.Ra2 Nf6
23.Qf3 Bd4 24.Re2 Qd7 25.f5 Rae8 26.h4 Rxe2 27.Bxe2 Kh8 28.fxg6 fxg6 29.h5 gxh5
30.Bd3 Re8 31.Bf5 Re1+ 32.Rg1 Rxg1+ 33.Kxg1 Qg7+ 34.Kf1 Ng4 35.Qf4 Qf8 36.Nxd4 cxd4
37.Qxd4+ Qf6 38.Qd7 Qa1+ 39.Kg2 Qg7  1/2-1/2

[Event "29th Elekes Mem IM"]
[Site "Budapest HUN"]
[Date "2004.05.17"]
[Round "3"]
[White "Petran,Pa"]
[Black "Lorincz,I"]
[Result "1-0"]
[WhiteElo "2386"]
[BlackElo "2337"]

1.d4 Nf6 2.c4 e6 3.Nf3 b6 4.a3 Ba6 5.Qc2 Be7 6.e4 d5 7.e5 Nfd7 8.cxd5 Bxf1
9.Kxf1 exd5 10.Nc3 Nf8 11.g3 Ne6 12.Kg2 O-O 13.b4 c6 14.h4 f5 15.Ne2 a5 16.Bd2 a4
17.Bg5 b5 18.Bxe7 Qxe7 19.Ng5 Ra6 20.Nxe6 Qxe6 21.Nf4 Qe7 22.e6 Rb6 23.h5 Na6
24.Rae1 Nc7 25.Re5 Ne8 26.Qc5 Qxc5 27.dxc5 Ra6 28.Ne2 Rf6 29.Nd4 g6 30.hxg6 hxg6
31.Kf3 Kg7 32.Kf4 Rf8 33.Kg5  1-0

[Event "29th Elekes Mem GM"]
[Site "Budapest HUN"]
[Date "2004.05.17"]
[Round "3"]
[White "Poulsen,Ma"]
[Black "Izsak,Gyu"]
[Result "0-1"]
[WhiteElo "2290"]
[BlackElo "2456"]

1.d4 Nf6 2.c4 e6 3.Nf3 b6 4.a3 Bb7 5.Nc3 d5 6.cxd5 Nxd5 7.Qc2 Nxc3 8.bxc3 Be7
9.e4 O-O 10.Bd3 c5 11.O-O Nd7 12.Qe2 Rc8 13.a4 Qc7 14.Bd2 Rfd8 15.Rfe1 Nf8
16.a5 Ng6 17.axb6 axb6 18.Ba6 Ra8 19.Bxb7 Rxa1 20.Rxa1 Qxb7 21.h3 cxd4 22.Nxd4 h6
23.Rb1 Bc5 24.Nf3 Qa8 25.Bc1 Qa4 26.Bd2 Qc2 27.Rc1 Qb2 28.Qe1 Ne5 29.Nd4 Nd3
30.Rb1 Nxe1 31.Rxb2 Nd3 32.Rb3 e5 33.Be3 Ra8 34.Nf3 Ra1+ 35.Kh2 Nxf2 36.Bxf2 Bxf2
37.Nxe5 Re1 38.Nc4 h5 39.Rb2 Bg1+ 40.Kg3 Rxe4 41.Nxb6 Re3+ 42.Kh4 g6 43.Nd5 Rd3
44.c4 Kg7 45.g4 Bd4 46.Re2 hxg4 47.hxg4 Bc5 48.Rc2 f6 49.g5 f5 50.Re2 Rf3
51.Nf6 Bf2+ 52.Rxf2 Rxf2 53.c5 Rc2 54.Nd7 Rc3 55.Nf8 Kxf8  0-1

[Event "Capablanca Mem Premier II"]
[Site "Havana CUB"]
[Date "2004.05.17"]
[Round "11"]
[White "Abreu,A"]
[Black "Zambrana,O"]
[Result "0-1"]
[WhiteElo "2459"]
[BlackElo "2472"]

1.d4 Nf6 2.c4 e6 3.Nf3 b6 4.a3 Bb7 5.Nc3 d5 6.cxd5 Nxd5 7.Qc2 Be7 8.e4 Nxc3
9.bxc3 c5 10.Bb5+ Bc6 11.Bd3 Nd7 12.O-O cxd4 13.cxd4 Rc8 14.Qe2 Bb7 15.Bb2 O-O
16.Rad1 Nf6 17.Ne5 Bd6 18.f4 b5 19.Ng4 Nxg4 20.Qxg4 Qe7 21.e5 Bxa3 22.Ba1 Bd5
23.Bxb5 Rc2 24.Rf2 Rfc8 25.Bd3 Rxf2 26.Kxf2 g6 27.h4 Bc1 28.h5 Qa3 29.Qg5 Qxa1
30.h6 Qxd4+ 31.Kg3 Qe3+ 32.Kg4 Bxg2  0-1

[Event "TCh-SCG"]
[Site "Petrovac SCG"]
[Date "2004.05.20"]
[Round "5"]
[White "Kosic,D"]
[Black "Kovacevic,A"]
[Result "1/2-1/2"]
[WhiteElo "2501"]
[BlackElo "2559"]

1.d4 Nf6 2.Nf3 e6 3.c4 b6 4.a3 Bb7 5.Nc3 d5 6.Bg5 Be7 7.Bxf6 Bxf6 8.cxd5 exd5
9.g3 O-O 10.Bg2 c5 11.O-O Na6 12.Rc1 Qe7 13.Re1  1/2-1/2

[Event "5th IECC"]
[Site "Antalya TUR"]
[Date "2004.05.21"]
[Round "6"]
[White "Gurevich,M"]
[Black "Anastasian,A"]
[Result "1/2-1/2"]
[WhiteElo "2672"]
[BlackElo "2587"]

1.d4 Nf6 2.c4 e6 3.Nf3 b6 4.a3 Bb7 5.Nc3 d5 6.cxd5 Nxd5 7.Bd2 Be7 8.Qc2 Nd7
9.e4 Nxc3 10.Bxc3 O-O 11.Rd1 c5 12.Bb5 Qc8 13.d5 exd5 14.exd5 Ba6 15.Qa4 Bxb5
16.Qxb5 a6 17.Qc6 Ra7 18.O-O Qxc6 19.dxc6 Nb8 20.Ne5 f6 21.Nc4 b5 22.Na5 Rc8
23.Rfe1 Nxc6 24.Re6 Nxa5 25.Bxa5 Kf7 26.Re2 Rc6 27.Red2 b4 28.axb4 cxb4 29.g3 Rb7
30.Rd7 Rxd7 31.Rxd7 Ke6 32.Rb7 Rc4 33.b3 Rd4 34.Kf1 g5 35.Ke2 h5 36.Ra7 Rd5
37.Rxa6+ Kf5 38.h3 Rc5 39.Ra7 Bf8 40.Ra8 Rc2+ 41.Kd1 Ra2 42.Rxf8 Rxa5 43.Re8 Ra1+
44.Ke2 Ra2+ 45.Ke1 Rb2 46.Re3 g4 47.hxg4+ hxg4 48.Kf1 Kg5 49.Ke1 f5 50.Kf1 Rb1+  1/2-1/2

[Event "TCh-NED"]
[Site "Enschede NED"]
[Date "2004.05.21"]
[Round "2"]
[White "Blees,A"]
[Black "Bitalzadeh,A"]
[Result "1/2-1/2"]
[WhiteElo "2389"]
[BlackElo "2229"]

1.d4 Nf6 2.c4 e6 3.Nf3 b6 4.a3 Bb7 5.Nc3 d5 6.cxd5 Nxd5 7.e3 Be7 8.Bb5+ c6
9.Bd3 O-O 10.Qc2 h6 11.e4 Nxc3 12.bxc3 c5 13.O-O Qc7 14.Qe2 Nd7 15.Be3 Rac8
16.a4 cxd4 17.cxd4 e5 18.Rac1 Qd6 19.Rcd1 Qc7 20.Bb5 Bxe4 21.Bxh6 Bc6 22.dxe5 Bxb5
23.Qxb5 Nc5 24.Be3 Qc6 25.Rd4 Ne6 26.Rd7 Qxb5 27.axb5 Rc7 28.Rfd1 Rfc8 29.Kf1 Kf8
30.Ke2 Rxd7 31.Rxd7 Nc7 32.h4 Nxb5 33.Rb7 g6 34.Bh6+ Ke8 35.Bg5 Bxg5 36.Nxg5 Rc7
37.Rb8+ Ke7 38.f4 Nd4+ 39.Kd3 Nf5 40.Rh8 Rd7+ 41.Ke2 a5 42.g4 Nd4+ 43.Ke3 Nc2+
44.Kf2 a4 45.f5 gxf5 46.gxf5 f6 47.Ne4 fxe5 48.f6+ Ke6 49.Rb8 a3 50.Rxb6+ Kd5
51.Nc3+ Kc4 52.Rc6+ Kd3 53.Kg3 Nd4 54.Rc8 Rf7 55.Nd5 Ke4 56.Rc5 Ne2+ 57.Kg4 a2
58.Ra5 a1=Q 59.Rxa1 Kxd5 60.Kf5 Nd4+ 61.Kg6 Rf8 62.Ra5+ Kd6 63.Ra6+ Kd5 64.Ra7 Ne6
65.Rd7+ Kc6 66.Rd1 Nf4+  1/2-1/2

[Event "29th Elekes Mem IM"]
[Site "Budapest HUN"]
[Date "2004.05.22"]
[Round "8"]
[White "Petran,Pa"]
[Black "Harmon,C"]
[Result "1-0"]
[WhiteElo "2386"]
[BlackElo "2184"]

1.Nf3 Nf6 2.c4 b6 3.d4 e6 4.a3 Bb7 5.Nc3 d5 6.Bg5 Be7 7.Bxf6 Bxf6 8.cxd5 exd5
9.Qb3 O-O 10.Rd1 c6 11.g3 Nd7 12.Bg2 Re8 13.O-O Nf8 14.Rfe1 Ne6 15.h4 h5
16.e3 g6 17.Qa2 Rb8 18.Ne2 a5 19.Nf4 Qd6 20.Qb1 Nf8 21.Rd2 Bg7 22.Rc1 Red8
23.Rdc2 Ra8 24.Qa2 Ra7 25.Nd3 Nd7 26.Bh3 a4 27.Qb1 Ba8 28.Nf4 Nf8 29.Rd2 Ra5
30.Qc2 Qe7 31.Qd1 Qb7 32.Bg2 Qe7 33.Ne1 Qa7 34.Nc2 Rd6 35.Nb4 Qd7 36.Rdc2 Ne6
37.Bh3 Qe8 38.Bxe6 fxe6 39.Nbd3 e5 40.Nxe5 Bxe5 41.dxe5 Qxe5 42.Qd4 Qxd4
43.exd4 Kf7 44.Re1 c5 45.Rce2 Ra7 46.Ne6 Bc6 47.dxc5 bxc5 48.Nxc5 Bb5 49.Rd2 Rc7
50.Ne4 Rd8 51.Nc3 Bc6 52.Red1 Ke6 53.Re1+ Kf7 54.Rd4 Ra7 55.Re2 Rdd7 56.Red2 Ke6
57.Ne2 Ra5 58.Rb4 Kf7 59.Nd4 Bb7 60.Rc2 Ra6 61.f3 Re7 62.Kf2 Ke8 63.Rc5 Kd8
64.Rcb5 Kc8 65.Rb6 Rxb6 66.Rxb6 Rc7 67.Rxg6 Rc4 68.Ke3 Rc1 69.Rb6 Re1+ 70.Kf4 Rd1
71.Rb4  1-0

[Event "TCh-NOR Final"]
[Site "Trondheim NOR"]
[Date "2004.05.22"]
[Round "4"]
[White "Ogaard,L"]
[Black "Agdestein,Es"]
[Result "1/2-1/2"]
[WhiteElo "2390"]
[BlackElo "2390"]

1.d4 Nf6 2.c4 e6 3.Nf3 b6 4.a3 Bb7 5.Nc3 d5 6.cxd5 Nxd5 7.Qc2 Nxc3 8.bxc3 Nd7
9.e4 c5 10.Bb5 a6 11.Bd3 Qc7 12.O-O cxd4 13.cxd4 Qxc2 14.Bxc2 Rc8 15.Bd3 Be7
16.a4 Bb4 17.Rb1 a5 18.Bd2 Bxd2 19.Nxd2 Ke7 20.Rfc1 Rxc1+ 21.Rxc1 Rc8 22.Rxc8 Bxc8
23.Bb5 Nf6 24.f3 Bd7 25.Bxd7 Nxd7 26.Nc4 Kd8 27.Kf2 Kc7 28.Ke3 Kc6 29.Kd3 b5
30.axb5+ Kxb5 31.Kc3 f6 32.Nd6+ Kc6 33.Nc4 Kb5 34.Nd6+ Kc6 35.Nc4  1/2-1/2

[Event "5th IECC"]
[Site "Antalya TUR"]
[Date "2004.05.23"]
[Round "8"]
[White "Demirel,T"]
[Black "Haznedaroglu,K"]
[Result "0-1"]
[WhiteElo "2183"]
[BlackElo "2395"]

1.d4 Nf6 2.c4 e6 3.Nf3 b6 4.a3 c5 5.d5 Ba6 6.Nc3 Bxc4 7.e4 Bxf1 8.Rxf1 d6
9.dxe6 fxe6 10.Bg5 Be7 11.Qe2 O-O 12.O-O-O Ne8 13.h4 Nc6 14.Qc4 Qd7 15.Rd2 Nc7
16.Kb1 Rad8 17.Rfd1 Qe8 18.Nb5 Na5 19.Qa2 Nxb5 20.Qxe6+ Rf7 21.Qd5 Nc7 22.Qd3 Ne6
23.Qd5 Bxg5 24.hxg5 Nf4 25.Qa2 Qxe4+ 26.Ka1 c4 27.Nd4 Nd3 28.Rxd3 cxd3 29.g6 hxg6
30.Ne6 Qe2 31.Rb1 Qc2  0-1

[Event "29th Elekes Mem GM"]
[Site "Budapest HUN"]
[Date "2004.05.23"]
[Round "9"]
[White "Anka,E"]
[Black "Medvegy,N"]
[Result "1/2-1/2"]
[WhiteElo "2422"]
[BlackElo "2367"]

1.d4 Nf6 2.c4 e6 3.Nf3 b6 4.a3 Bb7 5.Nc3 d5 6.Bg5 Be7 7.Bxf6 Bxf6 8.cxd5 exd5
9.Qb3 O-O 10.Rd1 Re8 11.e3 c6 12.Bd3 Nd7 13.O-O Nf8 14.Rfe1 Bc8 15.h3 Be6
16.Qa4 Bd7 17.b4 a6 18.Qc2 Ng6 19.a4 Be6 20.b5 cxb5 21.axb5 a5 22.Qb3 Rc8
23.Rc1 Re7 24.Rc2 Rec7 25.Rec1 Qd6 26.Na4 Bd8 27.Kf1 f6 28.Ng1 Nh4 29.g3 Nf5
30.Ne2 Ne7 31.Nf4 Bf7 32.h4 g5 33.hxg5 fxg5 34.Nh3 Qf6 35.Rxc7 Rxc7 36.Rxc7 Bxc7
37.Kg2 h6 38.Ng1 Kg7 39.Qc3 Bb8 40.Nf3 Bh5 41.Be2 Bg4 42.Qb2 Ng6 43.Nh2 Bd7
44.Qb3 Qd6 45.Kg1 Be6 46.Qc2 Bd7 47.Qc3 Qf6 48.Ng4 Qe6 49.Nh2 Qf6 50.Qb3 Qd6
51.Bf3 Be6 52.Nc3 Ne7 53.Na4 Ng6 54.Nc3 Ne7 55.Na4 Ng6  1/2-1/2

[Event "Summer II"]
[Site "Alushta UKR"]
[Date "2004.05.24"]
[Round "4"]
[White "Itkis,B"]
[Black "Obukhov,A"]
[Result "0-1"]
[WhiteElo "2436"]
[BlackElo "2475"]

1.d4 Nf6 2.Nf3 e6 3.c4 b6 4.a3 c5 5.d5 exd5 6.cxd5 g6 7.Nc3 Bg7 8.g3 O-O
9.Bg2 d6 10.O-O Na6 11.e4 Re8 12.Re1 Bg4 13.h3 Bxf3 14.Bxf3 Nd7 15.Be2 Nc7
16.Bf1 a6 17.a4 Rb8 18.Bf4 Ne5 19.Rb1 b5 20.axb5 axb5 21.b4 c4 22.Bd2 Ra8
23.Kg2 Ra3 24.f4 Nd7 25.Qc2 Qa8 26.Kh2 Qa7 27.Bg2 Qd4 28.Re3 Rb3 29.Bf3 Rxb1
30.Nxb1 Nxd5 31.Re2 Qd3 32.Qxd3 cxd3 33.Re1 N5b6 34.Bc3 Rc8 35.Bxg7 Kxg7
36.Rd1 Rc2+ 37.Kg1 Rb2 38.Nc3 Rxb4 39.Rxd3 Rb3 40.Be2 b4 41.Nd5 Rxd3 42.Bxd3 Nxd5
43.exd5 Nb6 44.Kf2 Nxd5 45.Bc4 Nc3 46.Ke3 f5 47.Bb3 h6 48.Kd3 Ne4  0-1

[Event "57th ch-RUS Qualifier"]
[Site "St Petersburg RUS"]
[Date "2004.05.25"]
[Round "5"]
[White "Riazantsev,A"]
[Black "Loginov,Va"]
[Result "1-0"]
[WhiteElo "2556"]
[BlackElo "2516"]

1.d4 Nf6 2.c4 e6 3.Nf3 b6 4.a3 Bb7 5.Nc3 g6 6.Qc2 Bxf3 7.exf3 Bg7 8.Bg5 O-O
9.O-O-O d5 10.cxd5 exd5 11.h4 c6 12.h5 Nbd7 13.hxg6 fxg6 14.f4 Rf7 15.f5 gxf5
16.Bd3 Nf8 17.Bxf5 Qd6 18.Rh4 Re8 19.Rdh1 Ne4 20.Nxe4 dxe4 21.Bxe4 Bxd4 22.Kb1 Ng6
23.Bxg6 hxg6 24.Qd3 Rd7 25.Rxd4 Qxd4 26.Qxg6+ Kf8 27.Bh6+ Rg7 28.Bxg7+ Qxg7
29.Qxc6 Qd4 30.Qh6+ Qg7 31.Qd6+ Kg8 32.Qd5+ Kf8 33.Rh3 Qg6+ 34.Ka2 Qe6 35.Qxe6 Rxe6
36.Rf3+ Kg7 37.Kb3 Re2 38.g3 Kg6 39.Kc3 b5 40.b4 Ra2 41.Kd4 Rc2 42.Rf8 Ra2
43.Kc5 Rxa3 44.Kxb5 a6+ 45.Kc5 Kg5 46.f3 Ra1 47.g4 Rc1+ 48.Kd4 Rd1+ 49.Ke3 Rb1
50.Kf2 Rxb4 51.Rf5+ Kg6 52.Ra5 Rb6 53.Kg3 Kf7 54.f4 Kg7 55.g5 Kf7 56.Kg4 Rc6
57.Rf5+ Kg7 58.Rd5 Rc7 59.Kh5 Ra7 60.f5 a5 61.f6+ Kf7 62.Rd6 Ra8 63.g6+ Ke8
64.Re6+ Kf8 65.Re7  1-0